000 01466nam a22003857a 4500
003 CHAP
005 20220329141109.0
008 971013s1997 r 00010 d
010 _a62527
011 _a63499
035 _a67675
040 _cCHAP
090 _aTesis
100 0 0 _aGutiérrez Martínez, Rigoberto.
_951759
245 _aPotencial de establecimiento del minador de la hoja de los cítricos (Phyllocnistis citrella Stainton) en las regiones citrícolas de la República Mexicana en base a preferencias climáticas
260 _aChapingo, Méx. :
_bEl autor,
_c1997
300 _a91 h.
_b: ilus.
502 _aTesis (Ing. Agr. Esp. en Parasitología Agrícola) -- UACH. Departamento de Parasitología Agrícola
590 _aALEPH
_b10
_c20130110
_lUCH01
_h1345
590 _aBATCH-UPD
_b10
_c20130109
_lUCH01
_h2342
590 _aBATCH-UPD
_b10
_c20130110
_lUCH01
_h0703
590 _aBATCH-UPD
_b10
_c20130409
_lUCH01
_h1912
590 _aBATCH-UPD
_b10
_c20130410
_lUCH01
_h0348
590 _aBATCH-UPD
_b10
_c20130914
_lUCH01
_h0959
590 _aCONVERSION
_b10
_c20130109
_lUCH01
_h1334
650 1 4 _aCítricos
_xMéxico.
_924454
650 1 4 _aCítricos
_xPlagas.
_924458
650 1 4 _aInsectos y tiempo atmosférico.
_958963
650 1 4 _aPhyllocnistis citrella.
_987878
790 _aCLIMEX
901 _aBK
942 _cFOLL
949 _bBC
_cTES
_d-153050
_eTS1
_h31165
_i67675
_si
949 _bBC
_cTES
_d33724000635389
_eTS2
_fc.2
_h31166
_i67675
_si
999 _c62527
_d62527